000 01321cam a22003134a 4500
001 16109788
005 20141120135529.0
008 100226s2010 nyua j 000 1 eng
010 _a 2010002696
020 _a9780545229258 (hardcover)
040 _aDLC
_cDLC
_dDLC
042 _alcac
050 0 0 _aPZ 7
_b.Op614Hal 2010
082 0 0 _a[Fic]
100 1 _aOppel, Kenneth,
_d1967-
245 1 0 _aHalf brother /
_cKenneth Oppel.
250 _a1st ed.
260 _aNew York :
_bScholastic Press,
_cc2010.
300 _a375 pages :
_billustrations ;
_c22 cm.
520 _aIn 1973, when a renowned Canadian behavioral psychologist pursues his latest research project--an experiment to determine whether chimpanzees can acquire advanced language skills--he brings home a baby chimp named Zan and asks his thirteen-year-old son to treat Zan like a little brother.
650 1 _aChimpanzees
_xHabits and behavior
_vFiction.
650 1 _aHuman-animal communication
_vFiction.
650 1 _aExperiments
_vFiction.
651 1 _aVictoria (B.C.)
_xHistory
_y20th century
_vFiction.
651 1 _aCanada
_xHistory
_y20th century
_vFiction.
906 _a7
_bcbc
_corignew
_d1
_eecip
_f20
_gy-gencatlg
942 _2lcc
_cBK
999 _c276854
_d276854